Study on effectivness of mebendazole and pyrantel on parasith in gastro-intestinal track of cattle in stung treng, stung treng province, (ការសិក្សាពីប្រសិទ្ធភាព Mebendazole និង pyrantel លើបរាសិតនៅក្នុងក្រពះពោះវៀនគោ នៅស្រុកស្ទឹងត្រែង ខេត្តស្ទឹងត្រែង) (Record no. 2679)
[ view plain ]
| 000 -LEADER | |
|---|---|
| fixed length control field | 00784nam a22001577a 4500 |
| 003 - CONTROL NUMBER IDENTIFIER | |
| control field | OSt |
| 005 - DATE AND TIME OF LATEST TRANSACTION | |
| control field | 20151025134951.0 |
| 008 - FIXED-LENGTH DATA ELEMENTS--GENERAL INFORMATION | |
| fixed length control field | 151025b xxu||||| |||| 00| 0 eng d |
| 040 ## - CATALOGING SOURCE | |
| Transcribing agency | RUA |
| 082 ## - DEWEY DECIMAL CLASSIFICATION NUMBER | |
| Classification number | AVM VAN 2013 B107 Or.1 |
| 100 ## - MAIN ENTRY--PERSONAL NAME | |
| 9 (RLIN) | 2861 |
| Personal name | VANN PANHA |
| 245 ## - TITLE STATEMENT | |
| Title | Study on effectivness of mebendazole and pyrantel on parasith in gastro-intestinal track of cattle in stung treng, stung treng province, (ការសិក្សាពីប្រសិទ្ធភាព Mebendazole និង pyrantel លើបរាសិតនៅក្នុងក្រពះពោះវៀនគោ នៅស្រុកស្ទឹងត្រែង ខេត្តស្ទឹងត្រែង) |
| 260 ## - PUBLICATION, DISTRIBUTION, ETC. (IMPRINT) | |
| Place of publication, distribution, etc. | Phom Penh |
| Name of publisher, distributor, etc. | Rua |
| Date of publication, distribution, etc. | 2013 |
| 300 ## - PHYSICAL DESCRIPTION | |
| Extent | x; 50p. |
| Other physical details | ill. |
| Dimensions | 29cm. |
| 942 ## - ADDED ENTRY ELEMENTS (KOHA) | |
| Source of classification or shelving scheme | |
| Koha item type | AVM |
| Price effective from | Date last seen | Permanent Location | Not for loan | Date acquired | Source of classification or shelving scheme | Koha item type | Lost status | Withdrawn status | Date last checked out | Total Checkouts | Shelving location | Damaged status | Barcode | Current Location | Full call number |
|---|---|---|---|---|---|---|---|---|---|---|---|---|---|---|---|
| 2015-10-25 | 2015-10-25 | Library Block B | 2015-10-25 | AVM | B107 | RUA015517 | Library Block B | AVM VAN 2013 B107 Or.1 | |||||||
| 2015-10-25 | 2016-08-15 | Library Block B | 2015-10-25 | AVM | 2016-08-12 | 3 | B107 | RUA015302 | Library Block B | AVM VAN 2013 B107 Or.2 | |||||
| 2015-10-25 | 2019-12-30 | Library Block B | 2015-10-25 | AVM | 2019-12-03 | 1 | B107 | RUA008921 | Library Block B | AVM VAN 2013 B107 Or.3 | |||||
| 2015-10-25 | 2015-10-25 | Library Block B | 2015-10-25 | AVM | B107 | RUA008993 | Library Block B | AVM VAN 2013 B107 Or.4 | |||||||
| 2015-10-25 | 2018-10-02 | Library Block B | 2015-10-25 | AVM | 2018-09-25 | 1 | B107 | RUA008822 | Library Block B | AVM VAN 2013 B107 Or.5 | |||||
| 2015-10-25 | 2015-10-25 | Library Block B | 2015-10-25 | AVM | B107 | RUA008894 | Library Block B | AVM VAN 2013 B107 Or.6 | |||||||
| 2015-10-25 | 2015-10-25 | Library Block B | 2015-10-25 | AVM | B107 | RUA008750 | Library Block B | AVM VAN 2013 B107 Or.7 | |||||||
| 2019-06-29 | 2019-06-29 | Library Block B | 2019-06-29 | AVM | B1.238 | A36337 | Library Block B | AVM VAN 2013 B1.238 Or.1 |